dabali parole - Statistiques

Statistiques générales
  • Ce quiz a été pris 2 fois
  • Le résultat moyen est 31 sur 118
Statistiques - réponses
Hint % Correct
Dabali
100%
dabali
100%
de
100%
des
100%
la
100%
d'Afrique
50%
dans
50%
J'ai
50%
j'ai
50%
les
50%
nuages
50%
sous
50%
terres
50%
vu
50%
yeux
50%
antiques
0%
anyo
0%
ardents
0%
babita
0%
bata
0%
brulaient
0%
chaleur
0%
ciels
0%
coeurs
0%
compris
0%
dabita
0%
deaba
0%
d'ébène
0%
debol
0%
donnaient
0%
du
0%
et
0%
fruit
0%
fumée
0%
gardez
0%
hommes
0%
inam
0%
koussa
0%
kousssa
0%
langues
0%
l'immaculé
0%
l'on
0%
mais
0%
moi
0%
nuit
0%
orbeka
0%
parler
0%
pour
0%
qui
0%
s'est
0%
seuls
0%
soleils
0%
soudain
0%
volcans
0%
vos
0%
Aucun quiz correspondant
Distribution des résultats
% des personnes avec chaque résultat
Percentile par nombre de réponses
Votre historique - résultats
Vous n’avez pas pris ce quiz